000 00833nam a2200217Ia 4500
003 GCL
008 140319s9999 xx 000 0 ara d
020 _a7271227977
040 _aGCL /
_cGCL
082 0 4 _aق
_b351
_bم و
100 1 _aمحمد عزالعرب
245 1 0 _aوزارة التنمية المحلية /
_cمحمد عزالعرب
260 _aالقاهرة :
_bمركز الدراسات السياسية والاستراتيجية - الأهرام ،
_c2005
300 _a164 ص ؛
_c22 سم
490 _aسلسلة الوزارات المصرية
_v0
650 0 4 _aالوزارات - مصر
650 0 4 _aوزارة التنمية المحلية - مصر
650 0 4 _aوزارة التنمية المحلية - تنظيم وإدارة
650 0 4 _aمصر - التنمية المحلية
942 _2ddc
_cBK
999 _c9284
_d9284